000 00350nam a22001457a 4500
020 _qPB.
040 _cFIZZA ISHAQ
082 _a690.0994
_bTAF
100 _aTAFE.
_9109509
245 _aBASIC BUILDING & CONSTRUCTION SKILLS /
_cTAFE.
250 _a5TH EDITION.
260 _aAUSTRALIA ;
_bPEARSON,
_c2016.
300 _a321 P. ;
942 _2ddc
_cBK
999 _c593420
_d593420